[Event "22nd TCh-SLO 2012"]
[Site "Slovenia SLO"]
[Date "2012.12.07"]
[Round "7"]
[White "Ivanec,D"]
[Black "Novak,G"]
[Result "1/2-1/2"]
[WhiteElo "2191"]
[BlackElo "2248"]
[WhiteTeam "SD Rokada Lendava"]
[BlackTeam "SK Triglav Krsko"]
[WhiteFideId "14604400"]
[BlackFideId "14602580"]
[EventDate "2012.11.23"]

1. e4 c5 2. Nc3 Nc6 3. f4 g6 4. Nf3 Bg7 5. Bb5 Nd4 6. O-O a6 7. Bc4 e6 8. d3 Ne7
9. Nxd4 cxd4 10. Ne2 O-O 11. f5 exf5 12. exf5 Nxf5 13. Rxf5 gxf5 14. Nf4 d6 15.
Qh5 b5 16. Bd5 Ra7 17. Bd2 Re7 18. Nh3 Be6 19. Bh6 f6 20. Qxf5 Bxh6 21. Bxe6+
Kh8 22. Bd5 Re5 23. Qf3 Qe7 24. Rf1 Re1 25. Nf2 Qe2 26. Qxe2 Rxe2 27. Ne4 Be3+
28. Kh1 Rxc2 29. Nxd6 Rxb2 30. g4 Rc2 31. h3 Rc1 32. Rxc1 Bxc1 33. Bb7 Bf4 34.
Nf5 Rb8 35. Bxa6 Be5 36. Kg2 Rb6 37. Bc8 Rc6 38. Bd7 Rc2+ 39. Kf3 b4 40. Be6 Rc7
41. Ke4 Rc2 42. h4 Re2+ 43. Kf3 Re1 44. h5 Rf1+ 45. Ke2 Rf4 46. Ne7 Bd6 47. Nd5
Kg7 48. Nxf4 Bxf4 1/2-1/2

[Event "22nd TCh-SLO 2012"]
[Site "Slovenia SLO"]
[Date "2012.12.07"]
[Round "7"]
[White "Mestrovic,Z"]
[Black "Vidic,B"]
[Result "1-0"]
[WhiteTitle "IM"]
[WhiteElo "2320"]
[BlackElo "2041"]
[WhiteTeam "SK Triglav Krsko"]
[BlackTeam "SD Rokada Lendava"]
[WhiteFideId "14602059"]
[BlackFideId "14605481"]
[EventDate "2012.11.23"]

1. e4 c5 2. c3 Qc7 3. d4 d6 4. Nf3 Nc6 5. Bd3 Bg4 6. Be3 e6 7. Nbd2 Nf6 8. h3
Bh5 9. Qa4 Bg6 10. dxc5 dxc5 11. Bb5 Nd7 12. Bxc6 bxc6 13. O-O Be7 14. Rfe1 O-O
15. Rad1 Rfb8 16. Qc2 Nf6 17. Nh4 Bh5 18. Nhf3 Bg6 19. c4 Rb7 20. Bg5 Rab8 21.
b3 a5 22. Qc3 Nh5 23. Bxe7 Qxe7 24. Ne5 Qf6 25. Ndf3 Nf4 26. Qxa5 Bh5 27. Qd2
Bxf3 28. Nxf3 h6 29. Kh2 e5 30. Qd6 Qxd6 31. Rxd6 Ra7 32. Rd2 f6 33. Red1 Ne6
34. Rd6 Nd4 35. Nxd4 cxd4 36. Rd2 c5 37. Rd5 Rc7 38. Kg3 Kf7 39. Kf3 Ke6 40. Ke2
Rc6 41. Kd3 Rc7 42. Re2 Ra8 43. g3 Rb8 44. f4 Ra8 45. Rf2 g6 46. h4 h5 47. Rb2
Rb8 48. a4 Ra8 49. Kc2 Rb8 50. Kb1 Ra8 51. Ka2 Rb8 52. Ka3 Ra8 53. b4 Rca7 54.
a5 cxb4+ 55. Ka4 Rd7 56. Rxb4 Rxd5 57. cxd5+ Ke7 58. Rb7+ Kf8 59. Rb6 Ke7 60.
fxe5 fxe5 61. Re6+ Kd7 62. a6 Kc7 63. Kb4 Rb8+ 64. Kc4 Rb1 65. Rxe5 d3 66. Kxd3
Rb3+ 67. Kd4 Rxg3 68. Re7+ Kb8 69. d6 1-0

[Event "22nd TCh-SLO 2012"]
[Site "Slovenia SLO"]
[Date "2012.12.07"]
[Round "7"]
[White "Kodela,Mat"]
[Black "Kos,T"]
[Result "0-1"]
[BlackTitle "IM"]
[WhiteElo "2008"]
[BlackElo "2328"]
[WhiteTeam "SD Rokada Lendava"]
[BlackTeam "SK Triglav Krsko"]
[WhiteFideId "14602628"]
[BlackFideId "14601508"]
[EventDate "2012.11.23"]

1. d4 d5 2. c4 dxc4 3. Nf3 Nf6 4. e3 e6 5. Bxc4 c5 6. O-O a6 7. dxc5 Qxd1 8.
Rxd1 Bxc5 9. a3 Be7 10. b4 Nc6 11. Bb2 b5 12. Be2 O-O 13. Ne5 Nxe5 14. Bxe5 Bb7
15. Nd2 Nd7 16. Bb2 Nb6 17. Rac1 Rfc8 18. Rxc8+ Rxc8 19. Rc1 Rxc1+ 20. Bxc1 Bf6
21. Nb3 Na4 22. Bd3 Bd5 23. Nc5 Nxc5 24. bxc5 Kf8 25. Bd2 Ke8 26. a4 bxa4 27.
Bc1 Kd7 28. Bxa6 Kc6 29. Ba3 Be7 30. Bd3 Bxc5 31. Bb2 g6 32. Kf1 a3 33. Bc3 a2
34. e4 Bb3 35. f4 Ba4 36. Ke1 Bb4 0-1

[Event "22nd TCh-SLO 2012"]
[Site "Slovenia SLO"]
[Date "2012.12.08"]
[Round "8"]
[White "Zorko,Ju"]
[Black "Horvath,Ad1"]
[Result "0-1"]
[WhiteTitle "IM"]
[BlackTitle "GM"]
[WhiteElo "2476"]
[BlackElo "2495"]
[WhiteTeam "SD KRKA Novo mesto"]
[BlackTeam "SD Rokada Lendava"]
[WhiteFideId "14604051"]
[BlackFideId "708003"]
[EventDate "2012.11.23"]

1. e4 c5 2. Nf3 e6 3. d4 cxd4 4. Nxd4 Nc6 5. Nb5 d6 6. c4 Nf6 7. N1c3 a6 8. Na3
Be7 9. Be2 O-O 10. O-O Ne5 11. f4 Ned7 12. Bf3 Rb8 13. Be3 b6 14. g4 h6 15. Qe1
Nh7 16. Rd1 Bb7 17. Qg3 e5 18. f5 Ba8 19. Rd2 Ng5 20. h4 Nxf3+ 21. Qxf3 Bxh4 22.
Rfd1 Qe7 23. Rxd6 Nf6 24. c5 bxc5 25. Qh3 Nxe4 26. Nxe4 Bxe4 27. Nc4 Rfd8 28.
Bxc5 Rxd6 29. Nxd6 Ba8 30. b4 Qg5 31. Be3 Qf6 32. Bc5 h5 33. gxh5 Qg5+ 34. Kh2
Rxb4 35. Bxb4 Qf4+ 0-1

[Event "22nd TCh-SLO 2012"]
[Site "Slovenia SLO"]
[Date "2012.12.08"]
[Round "8"]
[White "Horvath,Ta1"]
[Black "Zupancic,J"]
[Result "1-0"]
[WhiteTitle "IM"]
[WhiteElo "2390"]
[BlackElo "2162"]
[WhiteTeam "SD Rokada Lendava"]
[BlackTeam "SD KRKA Novo mesto"]
[WhiteFideId "700185"]
[BlackFideId "14607280"]
[EventDate "2012.11.23"]

1. e4 e5 2. Nf3 Nf6 3. Nc3 d6 4. d4 Nbd7 5. Bc4 Be7 6. O-O O-O 7. a4 c6 8. Re1
Qc7 9. Ba2 b6 10. h3 Bb7 11. Be3 a6 12. Qd3 h6 13. Nh4 Rfe8 14. Qc4 d5 15. exd5
b5 16. d6 bxc4 17. dxc7 Bd6 18. Bxc4 Bxc7 19. Bb3 Rad8 20. Nf3 e4 21. Nd2 Nb6
22. Nc4 Nbd5 23. Ne2 Bc8 24. Bd2 Bf5 25. Na5 Re6 26. Nb7 Ra8 27. Nc5 Ree8 28. c4
e3 29. fxe3 Nxe3 30. Rac1 Bg6 31. a5 Nf5 32. Ba4 Ng3 33. Nxg3 Bxg3 34. Bxc6 Bxe1
35. Bxe1 Ne4 36. Nxa6 1-0

[Event "22nd TCh-SLO 2012"]
[Site "Slovenia SLO"]
[Date "2012.12.08"]
[Round "8"]
[White "Volf,Z"]
[Black "Sifrer,D"]
[Result "0-1"]
[BlackTitle "IM"]
[WhiteElo "2230"]
[BlackElo "2393"]
[WhiteTeam "SD KRKA Novo mesto"]
[BlackTeam "SD Rokada Lendava"]
[WhiteFideId "14604949"]
[BlackFideId "14600110"]
[EventDate "2012.11.23"]

1. c4 e5 2. Nc3 Nf6 3. g3 d5 4. cxd5 Nxd5 5. Bg2 Be6 6. Nf3 Nc6 7. O-O Nb6 8. a3
Be7 9. b4 O-O 10. d3 f5 11. Bb2 Bf6 12. b5 Nd4 13. Nd2 c6 14. a4 cxb5 15. Nxb5
Nxb5 16. axb5 Qd7 17. Ra5 Nd5 18. Qa4 e4 19. Bxf6 Nxf6 20. Nc4 Qd4 21. b6 a6 22.
Rd1 exd3 23. exd3 Rad8 24. Re1 Bd5 25. Ne3 Bxg2 26. Kxg2 f4 27. Qb3+ Kh8 28.
gxf4 Qxf4 29. Rf5 Qd4 30. Rc1 Ng4 31. Rc4 Nxe3+ 32. fxe3 Qxe3 33. Rcf4 Qe2+ 34.
Kh1 Rxf5 35. Rxf5 h6 36. Qb1 Qe6 37. Qf1 Qc6+ 38. Kg1 Qxb6+ 39. Kh1 Qc6+ 40. Kg1
Kh7 41. Rf7 Qg6+ 42. Kh1 Rxd3 43. Rxb7 Qc6+ 44. Kg1 Rd6 45. Qd1 0-1

[Event "22nd TCh-SLO 2012"]
[Site "Slovenia SLO"]
[Date "2012.12.08"]
[Round "8"]
[White "Plesec,D"]
[Black "Mejak,Severin"]
[Result "0-1"]
[WhiteTitle "FM"]
[WhiteElo "2315"]
[BlackElo "2071"]
[WhiteTeam "SD Rokada Lendava"]
[BlackTeam "SD KRKA Novo mesto"]
[WhiteFideId "14600161"]
[BlackFideId "14609886"]
[EventDate "2012.11.23"]

1. d4 d5 2. Nf3 Nf6 3. Nbd2 c5 4. e3 cxd4 5. exd4 Bg4 6. Be2 Nc6 7. c3 e6 8. Ne5
Bxe2 9. Qxe2 Nxe5 10. dxe5 Nd7 11. O-O Bc5 12. c4 O-O 13. cxd5 exd5 14. Nb3 Qe7
15. Bf4 Bd6 16. Rfe1 Rfe8 17. Qd2 Bb4 18. Qxd5 Bxe1 19. Rxe1 Nb6 20. Qf3 Rac8
21. h3 Qd7 22. Rd1 Qa4 23. Qg3 Qe4 24. Rd4 Qf5 25. Qf3 Rc4 26. Kh2 Rxd4 27. Nxd4
Qd7 28. Qe4 Qd5 29. Qxd5 Nxd5 30. Bg3 Nb4 31. f4 Nxa2 32. Nb5 a6 33. Nd6 Re7 0-1

[Event "22nd TCh-SLO 2012"]
[Site "Slovenia SLO"]
[Date "2012.12.08"]
[Round "8"]
[White "Rifelj,L"]
[Black "Ivanec,D"]
[Result "1/2-1/2"]
[WhiteElo "1881"]
[BlackElo "2191"]
[WhiteTeam "SD KRKA Novo mesto"]
[BlackTeam "SD Rokada Lendava"]
[WhiteFideId "14603462"]
[BlackFideId "14604400"]
[EventDate "2012.11.23"]

1. d4 Nf6 2. Nf3 e6 3. g3 d5 4. Bg2 c5 5. O-O Nc6 6. dxc5 Bxc5 7. c4 O-O 8. cxd5
exd5 9. Nbd2 Re8 10. Nb3 Bb6 11. Nbd4 Ne4 12. Nxc6 bxc6 13. e3 Ba6 14. Re1 Qf6
15. Qc2 g5 16. h3 h5 17. Rd1 Rac8 18. Rb1 g4 19. hxg4 hxg4 20. Nh2 Qg6 21. b3 f5
22. Nf1 Re7 23. Bb2 Rh7 24. b4 Qh6 25. Bd4 Qh5 26. a4 Bc4 27. Bxb6 axb6 28. Rd4
Ng5 29. Rxc4 dxc4 30. Qxc4+ Kf8 31. Nd2 Nf3+ 32. Bxf3 gxf3 33. Qh4 Qxh4 34. gxh4
Rxh4 35. Nxf3 Rg4+ 36. Kf1 c5 37. bxc5 bxc5 38. Rc1 Rxa4 39. Nd4 c4 40. Nxf5 c3
41. Rc2 Ra3 42. Ke2 Rb8 43. Nd4 Rb2 44. Kd3 Rxc2 45. Nxc2 Ra2 46. Kxc3 Ke7 47.
f4 1/2-1/2

[Event "22nd TCh-SLO 2012"]
[Site "Slovenia SLO"]
[Date "2012.12.08"]
[Round "8"]
[White "Vidic,B"]
[Black "Zupancic,U"]
[Result "1/2-1/2"]
[WhiteElo "2041"]
[BlackElo "1924"]
[WhiteTeam "SD Rokada Lendava"]
[BlackTeam "SD KRKA Novo mesto"]
[WhiteFideId "14605481"]
[BlackFideId "14606631"]
[EventDate "2012.11.23"]

1. d4 Nf6 2. Nf3 g6 3. g3 Bg7 4. Bg2 O-O 5. O-O d6 6. c4 Nc6 7. Nc3 e5 8. d5 Nb8
9. e4 Nbd7 10. Ne1 Ne8 11. Nd3 f5 12. f4 exf4 13. Bxf4 Ne5 14. Nxe5 Bxe5 15. Qd2
Bd7 16. Rae1 Bxf4 17. Rxf4 Nf6 18. exf5 Bxf5 19. Nb5 Bd7 20. Nd4 Ng4 21. Ne6
Bxe6 22. dxe6 Ne5 23. Bxb7 Rb8 24. Bd5 Qe7 25. Rf7 Rxf7 26. exf7+ Kg7 27. Qd4 a5
28. b3 Rf8 29. Kh1 Qf6 30. Qf4 c6 31. Qxf6+ Kxf6 32. Rf1+ Ke7 33. Bg2 Rxf7 34.
Rxf7+ Kxf7 35. Be4 Kf6 36. Kg2 c5 37. h3 Nf7 38. Kf2 Ke5 39. Ke3 Ng5 40. Bg2 Ne6
41. Be4 1/2-1/2

[Event "22nd TCh-SLO 2012"]
[Site "Slovenia SLO"]
[Date "2012.12.08"]
[Round "8"]
[White "Novak,G"]
[Black "Praznik,N"]
[Result "0-1"]
[BlackTitle "FM"]
[WhiteElo "2248"]
[BlackElo "2294"]
[WhiteTeam "SK Triglav Krsko"]
[BlackTeam "SD Vrhnika"]
[WhiteFideId "14602580"]
[BlackFideId "14601621"]
[EventDate "2012.11.23"]

1. e4 e6 2. d4 d5 3. Nc3 Bb4 4. e5 b6 5. f4 Ne7 6. Nf3 Qd7 7. a3 Bxc3+ 8. bxc3
Qa4 9. Bd3 Ba6 10. O-O Bxd3 11. Qxd3 Nbc6 12. f5 Nxf5 13. Ng5 Qc4 14. Qxc4 dxc4
15. d5 Nd8 16. dxe6 fxe6 17. Nxe6 Nxe6 18. Rxf5 Rf8 19. Rh5 h6 20. Rh4 O-O-O 21.
Be3 Rd5 22. Rxc4 Rxe5 23. Re1 Rff5 24. Rg4 Kb7 25. Rg6 Kc6 26. h4 Re4 27. Bf2
Rxe1+ 28. Bxe1 Kd7 29. Bd2 Ra5 30. Bc1 Rf5 31. Rg3 Re5 32. Kf2 Re4 33. Rd3+ Kc6
34. g3 Nc5 35. Rd4 Re7 36. Be3 Ne4+ 37. Kf3 Nxg3 38. Rc4+ Kb5 39. Rb4+ Ka5 40.
Bxh6 gxh6 41. Kxg3 Re3+ 42. Kg4 Rxc3 43. Kh5 Rxc2 44. Kxh6 c5 45. Rg4 b5 46. Rg3
b4 47. h5 Ka4 48. axb4 cxb4 49. Kg7 b3 50. Rg4+ Ka3 51. Rg6 Rc7+ 0-1

[Event "22nd TCh-SLO 2012"]
[Site "Slovenia SLO"]
[Date "2012.12.08"]
[Round "8"]
[White "Justin,M"]
[Black "Mestrovic,Z"]
[Result "1/2-1/2"]
[WhiteTitle "FM"]
[BlackTitle "IM"]
[WhiteElo "2323"]
[BlackElo "2320"]
[WhiteTeam "SD Vrhnika"]
[BlackTeam "SK Triglav Krsko"]
[WhiteFideId "14600242"]
[BlackFideId "14602059"]
[EventDate "2012.11.23"]

1. e4 Nc6 2. Nf3 d6 3. d4 Nf6 4. Nc3 Bg4 5. d5 Nb8 6. Be2 g6 7. Bg5 Bg7 8. Qd2
h6 9. Be3 Bd7 10. a4 Ng4 11. Bd4 O-O 12. Bxg7 Kxg7 13. O-O c6 14. a5 cxd5 15.
exd5 Na6 16. b4 Nf6 17. Nb5 Bxb5 18. Bxb5 Nc7 19. Bc4 Qd7 20. Bb3 Qf5 21. c4 e5
22. dxe6 Nxe6 23. Nd4 Nxd4 24. Qxd4 Rfe8 25. Rfe1 Re6 26. Rxe6 Qxe6 27. h3 Re8
28. Rd1 Qe2 29. Rf1 Re4 30. Qxd6 Qb2 31. Qd3 Qe5 32. Bc2 Qc7 33. Bb3 Qe5 34. Bc2
Qc7 1/2-1/2

[Event "22nd TCh-SLO 2012"]
[Site "Slovenia SLO"]
[Date "2012.12.08"]
[Round "8"]
[White "Kos,T"]
[Black "Praznik,A"]
[Result "1-0"]
[WhiteTitle "IM"]
[BlackTitle "FM"]
[WhiteElo "2328"]
[BlackElo "2132"]
[WhiteTeam "SK Triglav Krsko"]
[BlackTeam "SD Vrhnika"]
[WhiteFideId "14601508"]
[BlackFideId "14600382"]
[EventDate "2012.11.23"]

1. e4 d6 2. d4 Nf6 3. Nc3 g6 4. Be2 Bg7 5. h4 h5 6. Nf3 Bg4 7. Ng5 Bxe2 8. Qxe2
Nc6 9. Be3 O-O 10. O-O-O Ng4 11. d5 Nxe3 12. Qxe3 Ne5 13. Qe2 c5 14. f3 Qa5 15.
g4 b5 16. Qxb5 Qxb5 17. Nxb5 hxg4 18. f4 Nc4 19. b3 a6 20. Nc7 Ra7 21. bxc4 Rxc7
22. Kd2 Rb8 23. h5 gxh5 24. Rxh5 Rcb7 25. Rg1 Rb1 26. Rxg4 R8b4 27. Nf3 f6 28.
Nh4 Rh1 29. Rxg7+ 1-0

[Event "22nd TCh-SLO 2012"]
[Site "Slovenia SLO"]
[Date "2012.12.08"]
[Round "8"]
[White "Zupe,M"]
[Black "Soln,P"]
[Result "1/2-1/2"]
[WhiteTitle "IM"]
[BlackTitle "IM"]
[WhiteElo "2323"]
[BlackElo "2382"]
[WhiteTeam "SK Branik Maribor"]
[BlackTeam "SD dr. Milan Vidmar LJ"]
[WhiteFideId "14600277"]
[BlackFideId "14601060"]
[EventDate "2012.11.23"]

1. c4 e5 2. g3 d6 3. Bg2 Nc6 4. Nc3 Be6 5. d3 Qd7 6. Nd5 Nd8 7. d4 c6 8. Ne3
exd4 9. Qxd4 Nf6 10. Nf3 Bh3 11. O-O Bxg2 12. Kxg2 Be7 13. b3 O-O 14. Bb2 Ne6
15. Qc3 Ne4 16. Qc2 Bf6 17. Bxf6 Nxf6 18. Rfd1 Rad8 19. Nf5 Qc7 20. e4 Nc5 21.
Nxd6 Rxd6 22. Rxd6 Qxd6 23. e5 Qe6 24. exf6 Qxf6 25. Rd1 Rd8 26. Rxd8+ Qxd8 27.
Qf5 Ne6 28. h4 h6 29. Qc2 c5 30. Qe4 b6 31. Qb7 Qc7 32. Qa8+ Kh7 33. Qe4+ Kg8
34. Qa8+ Kh7 35. Qe4+ Kg8 36. Qa8+ 1/2-1/2

[Event "22nd TCh-SLO 2012"]
[Site "Slovenia SLO"]
[Date "2012.12.08"]
[Round "8"]
[White "Barle,J"]
[Black "Supancic,D"]
[Result "1/2-1/2"]
[WhiteTitle "IM"]
[BlackTitle "FM"]
[WhiteElo "2374"]
[BlackElo "2370"]
[WhiteTeam "SD dr. Milan Vidmar LJ"]
[BlackTeam "SK Branik Maribor"]
[WhiteFideId "14600021"]
[BlackFideId "14600773"]
[EventDate "2012.11.23"]

1. e4 g6 2. d4 Bg7 3. h4 h5 4. c3 d6 5. Bg5 Nf6 6. Nd2 Nc6 7. Qc2 O-O 8. Ngf3
Qe8 9. Nc4 Ng4 10. d5 Nb8 11. Nh2 Nxh2 12. Rxh2 e6 13. dxe6 Bxe6 14. O-O-O Nc6
15. Kb1 b5 16. Ne3 Ne5 17. Nd5 Bxd5 18. exd5 a5 19. Re1 Qb8 20. Be2 Re8 21. Rhh1
b4 22. Bd2 Qb7 23. f4 Nd7 24. f5 bxc3 25. Bxc3 Bxc3 26. Qxc3 Qb4 27. fxg6 fxg6
28. Qxb4 axb4 29. Bb5 Rxe1+ 30. Rxe1 Ne5 31. Re4 Rb8 32. Be2 Kg7 33. Kc2 b3+ 34.
axb3 Rf8 35. g3 1/2-1/2

[Event "22nd TCh-SLO 2012"]
[Site "Slovenia SLO"]
[Date "2012.12.08"]
[Round "8"]
[White "Navinsek,T"]
[Black "Jelen,Ig"]
[Result "1-0"]
[WhiteTitle "FM"]
[BlackTitle "IM"]
[WhiteElo "2278"]
[BlackElo "2368"]
[WhiteTeam "SK Branik Maribor"]
[BlackTeam "SD dr. Milan Vidmar LJ"]
[WhiteFideId "14600340"]
[BlackFideId "14600668"]
[EventDate "2012.11.23"]

1. g3 d5 2. Bg2 e5 3. d3 c5 4. e4 dxe4 5. dxe4 Qxd1+ 6. Kxd1 Nc6 7. Nc3 Bg4+ 8.
f3 O-O-O+ 9. Bd2 Be6 10. Nh3 h6 11. Kc1 c4 12. Be3 Bb4 13. Nd1 f5 14. c3 Be7 15.
Nhf2 Nf6 16. Bh3 g6 17. Re1 Rd6 18. Kc2 b6 19. Bc1 Nd7 20. exf5 gxf5 21. g4 fxg4
22. Bxg4 Bxg4 23. fxg4 Bh4 24. Re2 Nc5 25. Ne4 Nxe4 26. Rxe4 Rf8 27. Re2 Rg6 28.
Ne3 Rf2 29. Rxf2 Bxf2 30. Nxc4 Rxg4 31. Nd6+ Kd7 32. Nf5 h5 33. Bd2 Ke6 34. Rf1
Kxf5 35. Rxf2+ Ke4 36. Be1 h4 37. Re2+ Kf5 38. h3 Rf4 39. Rf2 e4 40. Rxf4+ Kxf4
41. Bxh4 e3 42. Be1 Kf3 43. c4 Nd4+ 44. Kd3 Ne6 45. b4 Nf4+ 46. Kd4 Nxh3 47. c5
bxc5+ 48. bxc5 Nf4 49. c6 Ne6+ 50. Ke5 Nc7 51. a4 Na8 52. Kd6 Ke2 53. Bb4 Kd3
54. a5 Kc4 55. Be1 a6 56. c7 Nxc7 57. Kxc7 Kc5 58. Kb7 Kb5 59. Ka7 e2 60. Kb7 1-0

[Event "22nd TCh-SLO 2012"]
[Site "Slovenia SLO"]
[Date "2012.12.08"]
[Round "8"]
[White "Saradjen,J"]
[Black "Simic,Draga SLO"]
[Result "0-1"]
[BlackTitle "FM"]
[WhiteElo "2137"]
[BlackElo "2289"]
[WhiteTeam "SD dr. Milan Vidmar LJ"]
[BlackTeam "SK Branik Maribor"]
[WhiteFideId "14601818"]
[BlackFideId "14600803"]
[EventDate "2012.11.23"]

1. g3 d5 2. Bg2 c6 3. d3 Nf6 4. Bg5 h6 5. Bd2 e5 6. Nc3 Bc5 7. e3 O-O 8. Nge2
Re8 9. O-O e4 10. h3 Bf5 11. dxe4 dxe4 12. b4 Bxb4 13. Nd4 Bxc3 14. Bxc3 Bg6 15.
Qe2 Nbd7 16. a4 Qc7 17. Rfd1 Ne5 18. Rab1 Rad8 19. g4 Rd5 20. Ba1 Red8 21. Qe1
Qd7 22. Rdc1 c5 23. c4 Nd3 24. Qf1 Rd6 25. Nb5 Rc6 26. Bxf6 Rxf6 27. Rc2 Ne5 28.
Rbc1 Nf3+ 29. Kh1 h5 30. gxh5 Bxh5 31. Nc3 Qd6 32. Qg1 Nxg1 33. Nxe4 Qe7 34.
Nxf6+ Qxf6 35. Kxg1 Bf3 0-1

[Event "22nd TCh-SLO 2012"]
[Site "Slovenia SLO"]
[Date "2012.12.08"]
[Round "8"]
[White "Srebrnic,M"]
[Black "Kozul,Z"]
[Result "0-1"]
[WhiteTitle "FM"]
[BlackTitle "GM"]
[WhiteElo "2378"]
[BlackElo "2638"]
[WhiteTeam "SK Nova Gorica"]
[BlackTeam "ZSK Maribor"]
[WhiteFideId "14603616"]
[BlackFideId "14502879"]
[EventDate "2012.11.23"]

1. e4 c5 2. Nf3 d6 3. d4 cxd4 4. Nxd4 Nf6 5. Nc3 Nc6 6. h3 e6 7. g4 h6 8. Be3
Bd7 9. Bg2 a6 10. Qe2 Rc8 11. O-O-O Ne5 12. Kb1 Nc4 13. Bc1 b5 14. f4 Qc7 15.
Rhe1 Be7 16. g5 hxg5 17. fxg5 Nh5 18. g6 fxg6 19. Qf2 b4 20. Nce2 e5 21. Nb3 a5
22. c3 a4 23. Nd2 Be6 24. cxb4 Rf8 25. Nf3 Na3+ 26. Ka1 Qc2 0-1

[Event "22nd TCh-SLO 2012"]
[Site "Slovenia SLO"]
[Date "2012.12.08"]
[Round "8"]
[White "Rusjan,M"]
[Black "Mohr,G"]
[Result "0-1"]
[BlackTitle "GM"]
[WhiteElo "2204"]
[BlackElo "2483"]
[WhiteTeam "SK Nova Gorica"]
[BlackTeam "ZSK Maribor"]
[WhiteFideId "14601567"]
[BlackFideId "14600013"]
[EventDate "2012.11.23"]

1. d4 Nf6 2. c4 g6 3. Nc3 Bg7 4. e4 O-O 5. f3 Nc6 6. d5 Nb8 7. Nh3 c6 8. Be3
cxd5 9. cxd5 d6 10. Nf2 e6 11. Be2 Qe7 12. O-O exd5 13. Bg5 dxe4 14. Nd5 Qe5 15.
Bxf6 Bxf6 16. f4 Qxb2 17. Rb1 Qd4 18. Qxd4 Bxd4 19. Nc7 Nc6 20. Nxa8 d5 21. Nc7
Rd8 22. Rfd1 a6 23. Kf1 Kf8 24. a4 Ke7 25. Na8 f5 26. Nb6 Be6 27. a5 Be3 28. g3
Nxa5 29. Na4 b5 30. Nb2 Nb3 31. Kg2 d4 32. Bf1 Rc8 33. Re1 Bd5 34. Nfd1 0-1

[Event "22nd TCh-SLO 2012"]
[Site "Slovenia SLO"]
[Date "2012.12.08"]
[Round "8"]
[White "Sakelsek,T"]
[Black "Skrinjar,M"]
[Result "1-0"]
[WhiteTitle "IM"]
[WhiteElo "2438"]
[BlackElo "2058"]
[WhiteTeam "ZSK Maribor"]
[BlackTeam "SK Nova Gorica"]
[WhiteFideId "14603683"]
[BlackFideId "14607263"]
[EventDate "2012.11.23"]

1. d4 Nf6 2. c4 c5 3. d5 e6 4. Nc3 exd5 5. cxd5 d6 6. Nf3 g6 7. Nd2 Nbd7 8. e4
Bg7 9. Be2 O-O 10. O-O Re8 11. a4 a6 12. Qc2 Rb8 13. Ra3 h6 14. f4 Nf8 15. h3
Bd7 16. a5 N6h7 17. Nf3 Qc8 18. e5 b5 19. axb6 Rxb6 20. Bc4 Bb5 21. b3 dxe5 22.
fxe5 Bxe5 23. Nxe5 Rxe5 24. Bxh6 g5 25. Bxf8 Nxf8 26. Qd3 Qe8 27. d6 Bxc4 28.
bxc4 Re6 29. Qg3 Rbxd6 30. Nd5 Nd7 31. Nc7 Qe7 32. Nxe6 Rxe6 33. Rd3 Nb6 34.
Qb8+ Kg7 35. Rd8 f6 36. Rg8+ Kh7 37. Rh8+ Kg6 38. Qg8+ 1-0

[Event "22nd TCh-SLO 2012"]
[Site "Slovenia SLO"]
[Date "2012.12.08"]
[Round "8"]
[White "Vodopivec,V"]
[Black "Osmanbegovic,S"]
[Result "0-1"]
[BlackTitle "FM"]
[WhiteElo "1963"]
[BlackElo "2262"]
[WhiteTeam "SK Nova Gorica"]
[BlackTeam "ZSK Maribor"]
[WhiteFideId "14602784"]
[BlackFideId "14600757"]
[EventDate "2012.11.23"]

1. e4 c5 2. Nf3 Nc6 3. d4 cxd4 4. Nxd4 g6 5. Be2 Bg7 6. Nxc6 bxc6 7. O-O d6 8.
c4 Rb8 9. Qc2 Nf6 10. Nc3 O-O 11. Be3 c5 12. Rab1 Qa5 13. b3 Ng4 14. Bd2 Ne5 15.
Nd5 Qd8 16. Bc3 e6 17. Ne3 Nc6 18. Bxg7 Kxg7 19. Qc3+ Qf6 20. Qxf6+ Kxf6 21. Nc2
e5 22. Rbd1 Ke7 23. f4 exf4 24. Rxf4 Be6 25. h3 a5 26. Rf3 Ne5 27. Rc3 Rb6 28.
Na3 Ra8 29. Nb5 a4 30. Rc2 axb3 31. axb3 Rxb5 32. cxb5 Bxb3 33. Rcd2 Bxd1 34.
Rxd1 Ra2 35. Kf1 Rb2 36. Ra1 Rb4 37. Rc1 Kd8 38. Kf2 Rxe4 39. Rd1 Kc7 40. b6+
Kc6 41. b7 Rb4 42. Ba6 Kc7 43. Ra1 f5 44. Ke2 Nc6 45. Kd3 Nb8 46. Bc4 d5 0-1

[Event "22nd TCh-SLO 2012"]
[Site "Slovenia SLO"]
[Date "2012.12.08"]
[Round "8"]
[White "Borisek,J"]
[Black "Gruskovnjak,T"]
[Result "1-0"]
[WhiteTitle "GM"]
[BlackTitle "FM"]
[WhiteElo "2560"]
[BlackElo "2388"]
[WhiteTeam "SD Tehcenter Ptuj"]
[BlackTeam "SD Radenska Pomgrad"]
[WhiteFideId "14603152"]
[BlackFideId "14602326"]
[EventDate "2012.11.23"]

1. d4 Nf6 2. c4 e6 3. Nc3 Bb4 4. Qc2 O-O 5. e4 Nc6 6. e5 Ne8 7. Nf3 d5 8. a3
Bxc3+ 9. Qxc3 f6 10. b4 fxe5 11. dxe5 d4 12. Qd3 Rxf3 13. Qxf3 Nxe5 14. Qg3 Nf7
15. Bd3 a5 16. b5 Qd6 17. f4 c5 18. bxc6 bxc6 19. O-O Nf6 20. Rb1 Nh6 21. Qf3
Qc5 22. Re1 Nf7 23. a4 Bd7 24. Ba3 Qa7 25. Be7 Re8 26. Bxf6 gxf6 27. Qg3+ Kh8
28. Qh4 f5 29. Qf6+ Kg8 30. Rf1 e5 31. fxe5 Rxe5 32. Bxf5 Bxf5 33. Rxf5 d3+ 34.
Kh1 Rxf5 35. Qxf5 Qd4 36. h3 Qxc4 37. Qf6 h6 38. Rb8+ Kh7 39. Rf8 Ng5 40. Rh8# 1-0

[Event "22nd TCh-SLO 2012"]
[Site "Slovenia SLO"]
[Date "2012.12.08"]
[Round "8"]
[White "Kovac,B"]
[Black "Roskar,R"]
[Result "1-0"]
[WhiteTitle "FM"]
[BlackTitle "FM"]
[WhiteElo "2256"]
[BlackElo "2284"]
[WhiteTeam "SD Radenska Pomgrad"]
[BlackTeam "SD Tehcenter Ptuj"]
[WhiteFideId "14600935"]
[BlackFideId "14601850"]
[EventDate "2012.11.23"]

1. e4 e5 2. Nf3 Nc6 3. Bb5 a6 4. Ba4 Nf6 5. O-O Be7 6. Re1 b5 7. Bb3 O-O 8. c3
d6 9. h3 Na5 10. Bc2 c5 11. d4 Qc7 12. a4 Bd7 13. Nbd2 Rfc8 14. d5 c4 15. Nf1
Nb7 16. Ng3 Nc5 17. axb5 axb5 18. Rb1 Ra2 19. Be3 Rb8 20. Qe2 Qa7 21. Nd2 Bd8
22. Qd1 Ra8 23. b3 cxb3 24. Nxb3 Bb6 25. Nxc5 Bxc5 26. Bd3 Rxf2 27. Kxf2 1-0